01475cam a2200325 a 45000010008000000030004000080050017000120060019000290070015000480080041000630200043001040200040001470350026001870400026002130500024002390820022002631110073002852100038003582450204003962600032006004900046006324900076006785040051007545060043008056500037008486500059008857000023009447730050009678560132010177915408OSt20150408113914.0m d cr n 090224s2009 gw a sb 101 0 eng d a9783642009570 (softcover : alk. paper) a3642009573 (softcover : alk. paper) a(WaSeSS)ssj0000315991 aDLCcDLCdDLCdWaSeSS 4aQA76.9.D3bE92 200900a005.74221bE U C2 aEuropean Conference on IR Researchn(31th :d2009cToulouse, France)10aAdvances in information retrieval10aAdvances in information retrievalh[electronic resource] :b31th European conference on IR research, ECIR 2009, Toulouse, France, April 6-9, 2009. proceedings /cMohand Boughanem ... [et al.] (eds.). aBerlin :bSpringer,cc2009.0 aLecture notes in computer science ;v54780 aLNCS sublibrary. SL 1 - Theoretical computer science and general issues aIncludes bibliographical references and index. aLicense restrictions may limit access. 0aDatabase managementvCongresses. 0aInformation storage and retrieval systemsvCongresses.1 aBoughanem, Mohand. 0tSpringerLink ebooks - Computer Science (2009)40uhttp://www.columbia.edu/cgi-bin/cul/resolve?clio7915408zFull text available from SpringerLink ebooks - Computer Science (2009)